000 00543cam a2200157 4500500
005 20260322014107.0
041 _afre
042 _adc
100 1 0 _aAuzel, François
_eauthor
700 1 0 _aMoncorgé, Richard
_eauthor
245 0 0 _aOptical properties of rare earths
260 _c2026.
500 _a42
786 0 _nFunctional materials - Bio-based materials | - | 2026-03-05 | p. 28-28
856 4 1 _uhttps://stm.cairn.info/materials-with-electrical-and-optical-properties--bdti42375210-e1980-page-28?lang=en&redirect-ssocas=7080
999 _c1786280
_d1786280